[Event "Gibraltar Amateur op-A"]
[Site "Caleta"]
[Date "2018.01.25"]
[Round "4"]
[White "Ocana, Jeremy"]
[Black "Davies, Cledwyn"]
[Result "1-0"]
[WhiteElo "1705"]
[BlackElo "1536"]
[PlyCount "49"]
[EventDate "2018.01.22"]
[EventType "swiss"]
[EventRounds "5"]
[EventCountry "GGB"]
[SourceTitle "EXT 2019"]
[Source "ChessBase"]
[SourceDate "2018.10.10"]
[SourceVersion "1"]
[SourceVersionDate "2018.10.10"]
[SourceQuality "1"]

1. d4 d5 2. Bf4 Nf6 3. e3 Bg4 4. f3 Bh5 5. h4 Bg6 6. g4 h5 7. g5 Nfd7 8. Nc3 c6 9. Bd3 Bxd3 10. Qxd3 e6 11. g6 f5 12. Bg5 Qa5 13. e4 Bb4 14. exf5 0-0 15. Nge2 exf5 16. 0-0-0 Na6 17. Kb1 Bd6 18. f4 Nf6 19. Qxf5 Rae8 20. Bxf6 Rxf6 21. Qxh5 Kf8 22. Qh8+ Ke7 23. Qxg7+ Kd8 24. Qxf6+ Kc8 25. Qxd6 1-0

[Event "Gibraltar Amateur op-A"]
[Site "Caleta"]
[Date "2018.01.24"]
[Round "3"]
[White "Sagar, Siya"]
[Black "Davies, Cledwyn"]
[Result "0-1"]
[WhiteElo "1199"]
[BlackElo "1536"]
[PlyCount "74"]
[EventDate "2018.01.22"]
[EventType "swiss"]
[EventRounds "5"]
[EventCountry "GGB"]
[SourceTitle "EXT 2019"]
[Source "ChessBase"]
[SourceDate "2018.10.10"]
[SourceVersion "1"]
[SourceVersionDate "2018.10.10"]
[SourceQuality "1"]

1. e4 d5 2. exd5 Qxd5 3. Nc3 Qd8 4. d4 Nf6 5. Nf3 Bg4 6. Be2 e6 7. h3 Bh5 8. g4 Bg6 9. Be3 c6 10. Qd2 Bb4 11. Bd3 Qa5 12. a3 Nd5 13. Ne5 b5 14. Qc1 Bxc3+ 15. bxc3 Qxc3+ 16. Ke2 Bxd3+ 17. Nxd3 Nd7 18. Rb1 Qa5 19. c4 Nc3+ 20. Kf1 Nxb1 21. Qxb1 bxc4 22. Nb4 Rb8 23. Qe4 Qxa3 24. Nxc6 Rb3 25. d5 Nf6 26. Qxc4 Rb1+ 27. Kg2 Rxh1 28. Kxh1 exd5 29. Qb5 0-0 30. Bc5 Qxh3+ 31. Kg1 Qxg4+ 32. Kf1 Qc4+ 33. Qxc4 dxc4 34. Bxf8 Kxf8 35. Nxa7 c3 36. Ke2 Ne4 37. f3 c2 0-1

[Event "London Golders Green op U1900 5th"]
[Site "London"]
[Date "2015.01.18"]
[Round "4"]
[White "Philpott, William J"]
[Black "Davies, Cledwyn"]
[Result "0-1"]
[WhiteElo "1640"]
[BlackElo "1534"]
[PlyCount "64"]
[EventDate "2015.01.17"]
[EventType "swiss"]
[EventRounds "5"]
[EventCountry "ENG"]
[SourceTitle "EXT 2018"]
[Source "ChessBase"]
[SourceDate "2017.10.13"]
[SourceVersion "1"]
[SourceVersionDate "2017.10.13"]
[SourceQuality "1"]

1. e4 d5 2. exd5 Qxd5 3. Nc3 Qd8 4. b3 Nf6 5. Bb2 Bg4 6. f3 Bh5 7. Nge2 e6 8. Ng3 Bg6 9. d3 c6 10. Be2 Bc5 11. Nce4 Be3 12. a3 0-0 13. Nxf6+ gxf6 14. Ne4 e5 15. g4 f5 16. gxf5 Qh4+ 17. Ng3 Bxf5 18. Bc1 Bd4 19. Bd2 Kh8 20. c3 Bb6 21. Qc2 Bh3 22. 0-0-0 Bg2 23. Ne4 Bxh1 24. Rxh1 Nd7 25. Bg5 Qh3 26. Bf1 Qxf3 27. Bg2 Qf5 28. Rf1 Qg6 29. Bh3 f5 30. Be7 Rf7 31. Bf6+ Nxf6 32. Nxf6 Rxf6 0-1

[Event "London Golders Green op U1900 5th"]
[Site "London"]
[Date "2015.01.17"]
[Round "2"]
[White "Sloan, Cecil"]
[Black "Davies, Cledwyn"]
[Result "0-1"]
[WhiteElo "1710"]
[BlackElo "1534"]
[PlyCount "58"]
[EventDate "2015.01.17"]
[EventType "swiss"]
[EventRounds "5"]
[EventCountry "ENG"]
[SourceTitle "EXT 2018"]
[Source "ChessBase"]
[SourceDate "2017.10.13"]
[SourceVersion "1"]
[SourceVersionDate "2017.10.13"]
[SourceQuality "1"]

1. e4 d5 2. exd5 Qxd5 3. Nc3 Qd8 4. d4 Nf6 5. Nf3 Bg4 6. Be2 e6 7. 0-0 c6 8. Be3 Bb4 9. Ne5 Bxe2 10. Qxe2 Bxc3 11. bxc3 Nd5 12. Qg4 0-0 13. Bg5 f6 14. Qxe6+ Kh8 15. Nf7+ Rxf7 16. Qxf7 fxg5 17. Qxb7 Nd7 18. Qxc6 N7f6 19. c4 Rc8 20. Qb7 Rxc4 21. Qxa7 Nf4 22. Rfe1 Qd5 23. Qb8+ Ng8 24. f3 Qxd4+ 25. Kh1 Qf2 26. Rg1 Rxc2 27. Raf1 Qh4 28. Rd1 Nh5 29. Qb3 Ng3# 0-1

[Event "Hampstead op U2200 11-A"]
[Site "Hampstead"]
[Date "2013.11.24"]
[Round "4"]
[White "Davies, Cledwyn"]
[Black "Landau, Jonathan"]
[Result "1/2-1/2"]
[WhiteElo "1554"]
[BlackElo "1946"]
[PlyCount "97"]
[EventDate "2013.11.23"]
[EventType "swiss"]
[EventRounds "5"]
[EventCountry "ENG"]
[SourceTitle "EXT 2015"]
[Source "ChessBase"]
[SourceDate "2014.11.20"]
[SourceVersion "1"]
[SourceVersionDate "2014.11.20"]
[SourceQuality "1"]

1. e4 e5 2. d4 exd4 3. Qxd4 Nc6 4. Qa4 Nf6 5. Bg5 h6 6. Bh4 Bb4+ 7. c3 Be7 8. Nd2 0-0 9. 0-0-0 d6 10. f4 Bd7 11. Qc2 Ng4 12. Bxe7 Qxe7 13. Nc4 b5 14. h3 bxc4 15. hxg4 Bxg4 16. Nf3 Qf6 17. Bxc4 Qxf4+ 18. Kb1 Bxf3 19. gxf3 Ne5 20. Bb3 Qxf3 21. Rhf1 Qe3 22. Rfe1 Qb6 23. Qg2 Kh7 24. Rg1 Rg8 25. Bxf7 Nxf7 26. Qg6+ Kh8 27. Qxf7 Raf8 28. Qd5 Rf2 29. b3 Qe3 30. Qd3 Rf3 31. Qd4 Qxc3 32. Qxa7 c5 33. Qa3 Rgf8 34. Qb2 Qxb2+ 35. Kxb2 Rf2+ 36. Kc3 R8f3+ 37. Kc4 Rc2+ 38. Kd5 Rxa2 39. Kxd6 Rxb3 40. Kxc5 Ra5+ 41. Kc4 Re3 42. Rd7 g5 43. Rb1 Rxe4+ 44. Kd3 Re8 45. Rbb7 Rf5 46. Rh7+ Kg8 47. Rhg7+ Kf8 48. Rh7 Kg8 49. Rhg7+ 1/2-1/2

[Event "Hampstead op U2200 11-A"]
[Site "Hampstead"]
[Date "2013.11.23"]
[Round "2"]
[White "Davies, Cledwyn"]
[Black "Cossins, Neil"]
[Result "0-1"]
[WhiteElo "1554"]
[BlackElo "1706"]
[PlyCount "132"]
[EventDate "2013.11.23"]
[EventType "swiss"]
[EventRounds "5"]
[EventCountry "ENG"]
[SourceTitle "EXT 2015"]
[Source "ChessBase"]
[SourceDate "2014.11.20"]
[SourceVersion "1"]
[SourceVersionDate "2014.11.20"]
[SourceQuality "1"]

1. e4 d5 2. d4 e6 3. Nc3 dxe4 4. Nxe4 Nf6 5. Bd3 Be7 6. Nf3 Bd7 7. 0-0 Bc6 8. Re1 Nbd7 9. c3 Nxe4 10. Bxe4 Bxe4 11. Rxe4 Nf6 12. Re1 0-0 13. h3 c5 14. Bf4 Qb6 15. Qc2 cxd4 16. Nxd4 Rac8 17. Rad1 Nd5 18. Bg3 Rfd8 19. Qe2 Bd6 20. Bxd6 Rxd6 21. Qg4 Nf6 22. Qe2 Rcd8 23. Qe5 Qxb2 24. Rb1 Qxc3 25. Nb5 Qxe5 26. Rxe5 Rd1+ 27. Rxd1 Rxd1+ 28. Kh2 Nd7 29. Re2 a6 30. Nc3 Rc1 31. Ne4 Kf8 32. Rb2 b5 33. Nd2 Nc5 34. Nf3 Ke7 35. Ne5 f6 36. Nc6+ Kd6 37. Nd4 Ne4 38. f3 Nc5 39. Rd2 Kc7 40. Re2 e5 41. Nf5 g6 42. Ne3 Kc6 43. Ng4 Nd7 44. Ne3 f5 45. Rd2 Rc5 46. h4 f4 47. Ng4 h5 48. Nf2 Rd5 49. Rc2+ Kb6 50. Ne4 a5 51. Kg1 b4 52. Kf2 a4 53. Ke2 Kb5 54. Rb2 Ka5 55. Nd2 Nb6 56. Rc2 Kb5 57. Rb2 Nc4 58. Nxc4 Kxc4 59. Rc2+ Kb5 60. Ke1 b3 61. axb3 axb3 62. Rc8 Kb4 63. Rb8+ Rb5 64. Rd8 b2 65. Rd1 Rc5 66. Rb1 Rc1+ 0-1